| 000 | 00718nam a2200265Ia 4500 | ||
|---|---|---|---|
| 001 | 199 | ||
| 005 | 20240113233402.0 | ||
| 007 | ta | ||
| 008 | 050106s1993 g b000 u asm u | ||
| 040 | _aStack | ||
| 041 | _aasm | ||
| 082 |
_a891.494B _bBo 23 Kh |
||
| 100 | _aBoro, Labin . | ||
| 245 | 0 |
_aKherai mwsanaini santhou / _cLabin Boro & Uddhab Mushahari. _hTextual Documents |
|
| 260 |
_aKokrajhar(Assam) : _bBodo publication Board , _c1993. |
||
| 300 |
_avii,41p. ; _c18cm.. |
||
| 500 | _aThis book is written in Bodo language on Kherai dances of the Bodo | ||
| 653 | _aBodo | ||
| 942 |
_2ddc _cBK |
||
| 999 |
_c199 _d199 |
||